书目信息 |
| 题名: |
工程造价咨询行业发展战略研究报告
|
|
| 作者: | 吴佐民 , 吕发钦 编 ;中国建设工程造价管理协会 编 | |
| 分册: | ||
| 出版信息: | 北京 中国建筑工业出版社 2014.08 |
|
| 页数: | 247页 | |
| 开本: | 24cm | |
| 丛书名: | 工程造价管理研究前沿丛书 | |
| 单 册: | ||
| 中图分类: | TU723.31 , TU723.31 | |
| 科图分类: | ||
| 主题词: | 工程造价--gong cheng zao jia--咨询业--发展战略--研究报告--中国 | |
| 电子资源: | ||
| ISBN: | 978-7-112-17105-7 | |
| 000 | 01468nam 2200313 450 | |
| 001 | CAL 0120141391231 | |
| 005 | 20191028100618.38 | |
| 010 | @a978-7-112-17105-7@dCNY45.00 | |
| 100 | @a20150624d2014 em y0chiy50 ea | |
| 101 | 0 | @achi |
| 102 | @aCN@b110000 | |
| 105 | @aak a 000yy | |
| 200 | 1 | @a工程造价咨询行业发展战略研究报告@Agong cheng zao jia zi xun hang ye fa zhan zhan lue yan jiu bao gao@f中国建设工程造价管理协会, 吕发钦, 吴佐民编 |
| 210 | @a北京@c中国建筑工业出版社@d2014.08 | |
| 215 | @a247页@c图@d24cm | |
| 225 | 2 | @a工程造价管理研究前沿丛书@Agong cheng zao jia guan li yan jiu qian yan cong shu |
| 312 | @a英文题名取自封面 | |
| 320 | @a有书目 (第245-247页) | |
| 330 | @a本文结合工程造价咨询行业的发展现状和特点, 针对行业发展中存在的突出问题, 提出工程造价咨询行业通过实施人才培养战略、规模化发展战略、行业信息化战略、国际化战略, 经过5-10年的发展和努力, 力争实现行业诚信度和公信力明显提升、行业结构优化取得明显成效等。 | |
| 410 | 0 | @12001 @a工程造价管理研究前沿丛书 |
| 510 | 1 | @aResearch report of development strategy for construction cost engineering industry@zeng |
| 606 | 0 | @a工程造价@Agong cheng zao jia@x咨询业@x发展战略@x研究报告@y中国 |
| 690 | @aTU723.31@v5 | |
| 690 | @aTU723.31@v4 | |
| 701 | 0 | @a吴佐民@Awu zuo min@4编 |
| 701 | 0 | @a吕发钦@Alu^ fa qin@4编 |
| 711 | 02 | @a中国建设工程造价管理协会@Azhong guo jian she gong cheng zao jia guan li xie hui@4编 |
| 801 | 0 | @aCN@c20150624 |
| 905 | @a241430@dTU723.31@eZ5662@f3 | |
| 工程造价咨询行业发展战略研究报告/中国建设工程造价管理协会, 吕发钦, 吴佐民编.-北京:中国建筑工业出版社,2014.08 |
| 247页:图;24cm.-(工程造价管理研究前沿丛书) |
| ISBN 978-7-112-17105-7:CNY45.00 |
| 本文结合工程造价咨询行业的发展现状和特点, 针对行业发展中存在的突出问题, 提出工程造价咨询行业通过实施人才培养战略、规模化发展战略、行业信息化战略、国际化战略, 经过5-10年的发展和努力, 力争实现行业诚信度和公信力明显提升、行业结构优化取得明显成效等。 |
| ● |
| 相关链接 |
|
|
|
正题名:工程造价咨询行业发展战略研究报告
索取号:TU723.31/Z5662
 
预约/预借
| 序号 | 登录号 | 条形码 | 馆藏地/架位号 | 状态 | 备注 |
| 1 | 1139914 | 211399146 | 建筑库201/201建筑库 106排2列4层/ [索取号:TU723.31/Z566-2] | 在馆 | |
| 2 | 1139915 | 211399155 | 建筑库201/201建筑库 105排4列3层/ [索取号:TU723.31/Z566-2] | 在馆 | |
| 3 | 1139916 | 211399164 | 建筑库201/201建筑库 105排4列3层/ [索取号:TU723.31/Z566-2] | 在馆 | |
| 4 | 1454224 | 214542244 | 建筑库201/201建筑库 106排2列5层/ [索取号:TU723.31/Z5662] | 在馆 | |
| 5 | 1454225 | 214542253 | 建筑库201/201建筑库 106排2列5层/ [索取号:TU723.31/Z5662] | 在馆 | |
| 6 | 1454226 | 214542262 | 建筑库201/201建筑库 106排2列5层/ [索取号:TU723.31/Z5662] | 在馆 | |
| 7 | 1454227 | 214542271 | 建筑库201/201建筑库 106排2列5层/ [索取号:TU723.31/Z5662] | 在馆 | |
| 8 | 1454228 | 214542280 | 建筑库201/201建筑库 106排2列5层/ [索取号:TU723.31/Z5662] | 在馆 |